| 000 | 00581nas a2200205 4500 | ||
|---|---|---|---|
| 001 | BR9506504 | ||
| 003 | BR-BrBNA | ||
| 005 | 20231205100526.0 | ||
| 007 | ta | ||
| 008 | 230509b bl.|||p| |||| 00| 00por d | ||
| 040 |
_aBR-BrBNA _bpor _cBiblioteca Nacional de Agricultura |
||
| 041 | _a(Pt) | ||
| 072 | _aL10; F30 | ||
| 100 | 1 | _aBriquet Junior, R. | |
| 245 | 1 | _aO conceito de heritabilidade | |
| 650 | _aHereditariedade | ||
| 773 | 0 |
_tAgronomia (Brazil) _x _g(Jan-Dec 1968), v. 26(unico) p. 15-29 _wBR9506504 |
|
| 909 |
_a202311 _bLúcia _c55 _dLúcia Elande |
||
| 942 |
_2AGRIS _n0 _cANA |
||
| 999 |
_c156481 _d156481 |
||